LIBRARY & INFORMATION CENTRE, KCAET, TAVANUR

ONLINE PUBLIC ACCESS CATALOGUE (OPAC)

Advanced Text Book on Food & Nutrition Vol. 1 Fundamental Aspects (Record no. 14147)

MARC details
000 -LEADER
fixed length control field 00354nam a22001337a 4500
082 ## - DEWEY DECIMAL CLASSIFICATION NUMBER
Classification number 664
Item number SWA/ES
100 ## - MAIN ENTRY--AUTHOR NAME
Personal name Swaminathan, M
245 ## - TITLE STATEMENT
Title Advanced Text Book on Food & Nutrition Vol. 1 Fundamental Aspects
250 ## - EDITION STATEMENT
Edition statement 2
260 ## - PUBLICATION, DISTRIBUTION, ETC. (IMPRINT)
Place of publication Bangalore
Name of publisher Bappco
Year of publication 2003
300 ## - PHYSICAL DESCRIPTION
Number of Pages 630
650 ## - SUBJECT ADDED ENTRY--TOPICAL TERM
Topical Term Food Scence
-- Nutritional Scence
942 ## - ADDED ENTRY ELEMENTS (KOHA)
Koha item type Books

No items available.

free website counter